Quizzes
Events
Quiz Creation
Community
Videos
Private Events
Remove Ads
Sign In
Join for FREE
Feedback
Dark Mode
Quiz Categories
Sports
Geography
Music
Movies
Television
Just For Fun
Miscellaneous
History
Literature
Language
Science
Gaming
Entertainment
Religion
Holiday
For Kids
Quiz Lab
Recent
Popular Today
Quiz Kudos Today
Editor Picks
Curator Picks
Quizzes by...
Day
Popularity
Type
Ratings
Length
Year
Community
Subscriptions
Recent Discussions
Orange Saloon
Badges
Playlists
Quests
Create
Leaderboards
Showdown
Live 5
Trivia Bingo
Activity
Puzzle Library
Sporcle Events
Private Events
Virtual Trivia
Globe League
Become a Host
Pub Owners
SporcleCon
Opinionation
Our Games
Videos
Blog
Mobile Apps
Partnerships
Remove Ads and Go Orange
Feedback
Science
Computer
Plants
Astronomy
Chemistry
Elements
Math
Animal
Physics
Anatomy
Biology
Geology
General Science
Science
Computer
Plants
Astronomy
Chemistry
Elements
Math
Animal
Physics
Anatomy
Biology
Geology
General Science
Random Quiz
Search Sporcle
×
Quiz Lab
Quiz Lab
Science
Clickable
Select answers by clicking on text or image buttons
Select answers by clicking on text or image buttons
Clickable
Best Score? Go Orange.
Development of Head, Neck, & Vertebral Column Stats
Can you pick the Development of Head, Neck, & Vertebral Column?
By
UAMSis2hard
20m
42 Questions
8 Plays
8 Plays
8 Plays
Comments
Comments
Give Quiz Kudos
Give Quiz Kudos
-
- Ratings
hide this ad
Forced Order
Answers have to be entered in order
Answers have to be entered in order
Random Order
Randomize order of answers
Randomize order of answers
Replay
Link that replays current quiz
Next Quiz
Link to next quiz in quiz playlist
You Got
0%
They Got
Avg Score
44%
Avg Friend Score
Upgrade to see
Score Distribution
Jump to the score distribution portion of the page
Score
0/42
Timer
20:00
0
Plays Today
% Correct
Fused Vertebrae (Congental Scoliosis)
75%
Mesoderm
62.5%
External Auditory Canal
62.5%
CN 5, CN 7, CN 9, CN 10, CN 10
62.5%
Midline on Hyoid
62.5%
Maxillary & Mandibular
62.5%
Medial and Lateral swellings
62.5%
TRUE
62.5%
Endoderm
50%
Phayrngotympanic Tube & Middle Ear
50%
Ectoderm-Mesoderm-Endoderm
50%
2nd pharyngeal arch grows over the 3rd & 4th clefts
50%
NO
50%
YES
50%
External nose, Philtrum, Primary Plate
50%
Oblique Facial Cleft
50%
Anterior 66%
50%
Posterior 33%
50%
36-38
50%
36-38 somites: 33 Vertebrae
50%
Resegmentation
50%
% Correct
Ectoderm
37.5%
5th aortic arch is 'vestigial' doesn't develop
37.5%
Anterior border of Sternocleidomastoid at the level of the thyroid
37.5%
Muscles of Mastication; Malleus, Incus, Meckel's Cartilage
37.5%
Muscles of Facial Expression; Stapes, Styloid Process, Superior half of Hyoid
37.5%
Stylopharyngeaus Muscles; Inferior half of hyoid & greater horns
37.5%
Pharyngeal Muscles; Laryngeal Cartilages (cricoid, arytenoid, corniculate)
37.5%
Posterior Edge of 1st Pharyngeal Arch
37.5%
Anterior Mediastinum
37.5%
Palatine Tonsil
37.5%
Inferior Parathyroid Glands & Thymus
37.5%
Superior Parathyroid Glands & Ultimobranchial Body
37.5%
Lateral Swelling & Maxillary part of 1st arch
37.5%
2nd Pharyngeal Arch
37.5%
Mesenchymal condensations of the 1st and 2nd pharyngeal arches
25%
Neural Crest cells (migrate around pharynx)
25%
Merging of Pharyngeal Clefts 2-4
25%
Laryngeal Muscles; Thyroid +Epliglottic Cartilages of larynx
25%
Occipital Myotomes
25%
Defective formation of Sclerotomes
25%
Neural Crest
12.5%
Quiz Playlist
Details
Report
Send in Message
Add To Playlist
Clickable:
Select answers by clicking on text or image buttons
Forced Order:
Answers have to be entered in order
Random Order:
Randomize order of answers
Last Updated: Apr 1, 2017
Quiz Scoreboard
CHALLENGE
Sign Up to Join the Scoreboard
Show All
Scores
Hide
Comments
May contain spoilers
Recently Published
Presidents Visiting Landmarks
by Hejman
History
7m
An Introduction to Baseball
by treessimontrees
Sports
5m
Movies - When Are They Set?
by FPL_Elf
Movies
5m
More to Explore
Quiz From the Vault
Featured Blog Post
Where Did the Easter Bunny Come From?
hide this ad
You Might Also Like...
Tags
Clickable Quiz
Development
neck
Today's Top Quizzes in Science
Browse Science
hide this ad
Today's Top Quizzes in Clickable
Browse Clickable
Top Contributed Quizzes in Science
1
Quick Pick: Radians
2
Name the Acid, Base or Salt
3
Quick Pick: 'CI-CJ' Animals
4
Elements In Images
5
One Thing in Common: Science
6
One Thing in Common: Animals
7
One Thing in Common: Science III
8
1 to 50
9
One Thing in Common: Science II
10
Order Up: Organs and Body Systems
Explore More
Trending Topics
Anime
NBA
Crossword
Disney
Harry Potter
Kpop
Marvel
Puzzle
The Office
Country
Song
NFL
WWE
Pokémon
Soccer
hide this ad
More By:
UAMSis2hard
Quiz
Plays
Rating
Category
Featured
Created
D&D Primary immunodeficiencies
304
Science
Jan 16, 2017
Eating Disorders (Lec. 3)
138
2.00
Science
May 2, 2017
Schizophrenia & Other Psychotic Disorders
137
Science
Apr 28, 2017
Cranial Nerves
136
Science
Apr 5, 2017
Attention Deficit Hyperactivity Disorder (ADHD)
136
Entertainment
Mar 26, 2017
Go to Creator's Profile
Score Distribution
Quiz Creator Spotlight
UAMSis2hard
Follow
Send a Message
Quizzes Created
-
Created Quiz Play Count
-
More By This Creator
Popular Quizzes Today
1
Find the US States - No Outlines Minefield
2
Find the Countries of Europe - No Outlines Minefield
3
The Countries of the World
4
Find the US States
5
Popular People in 1961
6
US States
7
Risky Map Clicking: Biggest States A-Z
8
1-10 Letter E Words III
More Science Quizzes
Correctly Located Animals IV
Published
Trending Quizzes
Risky Map Clicking: Least Populous States A-Z
1-10 Letter G Words
1-10 Letter F Words
Risky Map Clicking: Next State Alphabetically
Risky Map Clicking: Biggest States A-Z
Recently Updated
Leaping Animals
pecheneg
Reality TV Shows (A-Z)
bhenderson79
Rickey Henderson's Hall of Fame Teammates
pecheneg
Champions League XIs: Arsenal
pecheneg
Quick Pick: Celebrities in WWE's Hall of Fame
aduchscher
A-Z Keypad Blitz II
pecheneg
Multiple Oscar Actors
pecheneg
Mystery Phrase Blitz: Oscar 'Best Actors'
pecheneg
F. Scott Fitzgerald Novels
LTH
Pick 3 Villains
ddd62291
Trending Topics
Kpop
Anime
Crossword
Harry Potter
Disney
NBA
Marvel
WWE
Pokémon
Country
Song
NFL
The Office
Puzzle
Soccer
Your Account Isn't Verified!
In order to create a playlist on Sporcle, you need to verify the email address you used during registration. Go to your
Sporcle Settings
to finish the process.
Report this User
Report this user for behavior that violates our
Community Guidelines
.
Details:
Send Report
Go to the Sporcle.com Mobile Site →
Comments